000 01019nas a2200301 4500
001 BR2012003281
003 BR-BrBNA
005 20231205120532.0
007 ta
008 230509b bl.|||p| |||| 00| 00por d
040 _aBR-BrBNA
_bpor
_cBiblioteca Nacional de Agricultura
041 _a(Pt)
072 _aF50; F40
100 1 _aRibeiro, M. de N.O.
100 1 _aCarvalho, S.P. de
100 1 _aPereira, F.J.
100 1 _aCastro, E.M. de
245 1 _aAnatomia foliar de mandioca em função do potencial para tolerância à diferentes condições ambientais
246 1 _aLeaf anatomy of the cassava as related to potential for tolerance to different environmental conditions
650 _aMANDIOCA
650 _aFOLHA
650 _aANATOMIA VEGETAL
650 _aCONDIÇÃO AMBIENTAL
650 _aSECA
773 0 _tRevista Ciência Agronômica (Brazil)
_xISSN 0045-6888
_g(Apr-Jun 2012), v. 43(2) p. 354-361
_wBR2012003281
909 _a202311
_bLúcia
_c55
_dLúcia Elande
942 _2AGRIS
_n0
_cANA
999 _c219007
_d219007